000 00374nam a2200145Ia 4500
005 20260328104246.0
008 260328s9999||||xx |||||||||||||| ||und||
100 _aRodríguez Bernal, Carolina M.
245 0 _aArquitectura Motamorfica /
_cCarolina M. Rodríguez Bernal
250 _a1a ed.
260 _bICFES
300 _a286 p.
650 _aARQUITECTURA
942 _cBK
999 _c10087
_d10087